00341nam a2200121Ia 4500008004100000020001400041050001500055100002000070245005100090260004100141300002400182650001300206150202s9999 xx 000 0 und d a449127672 aFIC bFIC  aCarter, Ashley. aMiz Lucretia of Falconhurst /cAshley Carter. aNew York :bGold Medal Books,c1986. a311 pages :c18 cm. aFiction.